| 000 | 00418nam a22001097a 4500 | ||
|---|---|---|---|
| 082 |
_a344.0095491 _bPLC |
||
| 245 |
_aPakistan Labour Cases 1996 : _bA Journal of Civil Services & Labour Laws / _cFounded by Malik Mir Muhammad and Edited by Muhammad Azhar Saeed et all |
||
| 260 |
_aLahore : _bPLD Publishers, _c1996. |
||
| 300 |
_aVol: 1. 748, Vol: 2. 534 and Vol: 3. 736 p. ; _c23cm. |
||
| 563 | _aHB. | ||
| 942 |
_2ddc _cCR _s1 |
||
| 999 |
_c595181 _d595181 |
||